[Event "c14"]
[Site "?"]
[Date "2020.08.27"]
[Round "3.3"]
[White "Czernecki, Andrzej"]
[Black "Fiszer, Bartosz"]
[Result "0-1"]
[BlackElo "1905"]
[WhiteElo "1587"]
[LiveChessVersion "1.4.8"]

1. e4 {[%clk 0:03:04]} a6 {[%clk 0:03:02]} 2. d4 {[%clk 0:03:04]} b5
{[%clk 0:03:04]} 3. a4 {[%clk 0:03:02]} Bb7 {[%clk 0:02:56]} 4. Bd3
{[%clk 0:03:02]} b4 {[%clk 0:02:49]} 5. Nf3 {[%clk 0:02:59]} e6 {[%clk 0:02:49]}
6. O-O {[%clk 0:02:58]} Nf6 {[%clk 0:02:50]} 7. Nbd2 {[%clk 0:02:53]} Be7
{[%clk 0:02:44]} 8. Re1 {[%clk 0:02:52]} d5 {[%clk 0:02:43]} 9. e5
{[%clk 0:02:49]} Nfd7 {[%clk 0:02:43]} 10. a5 {[%clk 0:02:43]} c5
{[%clk 0:02:32]} 11. dxc5 {[%clk 0:02:24]} Nxc5 {[%clk 0:02:31]} 12. Nb3
{[%clk 0:02:06]} Nxb3 {[%clk 0:02:26]} 13. cxb3 {[%clk 0:02:06]} Nc6
{[%clk 0:02:27]} 14. Be3 {[%clk 0:01:35]} Nxa5 {[%clk 0:01:59]} 15. Nd4
{[%clk 0:01:35]} Nc6 {[%clk 0:01:03]} 16. Nxc6 {[%clk 0:01:32]} Bxc6
{[%clk 0:01:04]} 17. Qg4 {[%clk 0:01:22]} g6 {[%clk 0:01:03]} 18. Rxa6
{[%clk 0:01:00]} Rxa6 {[%clk 0:01:00]} 19. Bxa6 {[%clk 0:01:01]} O-O
{[%clk 0:00:58]} 20. Rc1 {[%clk 0:00:57]} Qa8 {[%clk 0:00:54]} 21. Be2
{[%clk 0:00:50]} Rc8 {[%clk 0:00:40]} 22. f3 {[%clk 0:00:46]} Bd7
{[%clk 0:00:39]} 23. Rxc8+ {[%clk 0:00:43]} Qxc8 {[%clk 0:00:40]} 24. Qd4
{[%clk 0:00:45]} Qc2 {[%clk 0:00:19]} 25. Bd1 {[%clk 0:00:39]} Qc7
{[%clk 0:00:19]} 26. Qa7 {[%clk 0:00:31]} Qxa7 {[%clk 0:00:16]} 27. Bxa7
{[%clk 0:00:32]} Bb5 {[%clk 0:00:15]} 28. Kf2 {[%clk 0:00:31]} Bg5
{[%clk 0:00:12]} 29. Bd4 {[%clk 0:00:31]} Be7 {[%clk 0:00:12]} 30. Be2
{[%clk 0:00:29]} Bc6 {[%clk 0:00:11]} 31. Ke3 {[%clk 0:00:29]} Kf8
{[%clk 0:00:12]} 32. Bd3 {[%clk 0:00:30]} Ke8 {[%clk 0:00:12]} 33. f4
{[%clk 0:00:31]} Kd7 {[%clk 0:00:13]} 34. g3 {[%clk 0:00:31]} Kc7
{[%clk 0:00:13]} 35. Be2 {[%clk 0:00:29]} Bd7 {[%clk 0:00:14]} 36. Bd3
{[%clk 0:00:29]} Kc6 {[%clk 0:00:14]} 37. Be2 {[%clk 0:00:28]} Bc5
{[%clk 0:00:15]} 38. Bxc5 Kxc5 {[%clk 0:00:15]} 39. Bd1 {[%clk 0:00:14]} Bc6
{[%clk 0:00:15]} 40. Be2 {[%clk 0:00:13]} d4+ {[%clk 0:00:09]} 41. Kd2
{[%clk 0:00:13]} Be4 {[%clk 0:00:09]} 42. Bd3 {[%clk 0:00:06]} Bd5
{[%clk 0:00:09]} 43. Bc2 {[%clk 0:00:05]} h5 {[%clk 0:00:08]} 44. h4
{[%clk 0:00:05]} Bf3 {[%clk 0:00:08]} 45. Bd3 {[%clk 0:00:06]} Kd5
{[%clk 0:00:09]} 46. Bb5 Bg4 {[%clk 0:00:06]} 47. Be8 {[%clk 0:00:07]} Bf5
{[%clk 0:00:06]} 48. Bxf7 {[%clk 0:00:07]} Ke4 {[%clk 0:00:07]} 49. Ke2
{[%clk 0:00:06]} d3+ {[%clk 0:00:08]} 50. Kd2 {[%clk 0:00:08]} Kf3
{[%clk 0:00:10]} 51. Bxe6 {[%clk 0:00:04]} Bxe6 {[%clk 0:00:11]} 52. Kxd3
{[%clk 0:00:05]} Kxg3 {[%clk 0:00:11]} 53. Ke4 {[%clk 0:00:07]} Bxb3
{[%clk 0:00:11]} 54. f5 {[%clk 0:00:07]} gxf5+ {[%clk 0:00:11]} 55. Kxf5
{[%clk 0:00:08]} Kxh4 {[%clk 0:00:12]} 56. Kf4 {[%clk 0:00:08]} Be6
{[%clk 0:00:12]} 57. Kf3 {[%clk 0:00:08]} Kg5 {[%clk 0:00:13]} 0-1

[Event "c14"]
[Site "?"]
[Date "2020.08.27"]
[Round "3.4"]
[White "Wojdak, Jan"]
[Black "Jeda, Maciej"]
[Result "1-0"]
[BlackElo "1550"]
[WhiteElo "1772"]
[LiveChessVersion "1.4.8"]

1. e4 {[%clk 0:03:04]} c5 {[%clk 0:03:03]} 2. Nc3 {[%clk 0:03:05]} d6
{[%clk 0:03:04]} 3. d4 {[%clk 0:03:06]} cxd4 4. Qxd4 Nc6 {[%clk 0:03:05]} 5. Qd2
{[%clk 0:03:09]} Nf6 6. b3 g6 {[%clk 0:02:36]} 7. Bb2 {[%clk 0:03:12]} Bg7
{[%clk 0:02:37]} 8. f3 {[%clk 0:02:55]} O-O {[%clk 0:02:37]} 9. O-O-O
{[%clk 0:02:56]} a6 {[%clk 0:02:01]} 10. Kb1 {[%clk 0:02:57]} b5 {[%clk 0:02:01]}
11. g4 {[%clk 0:02:57]} Nd7 {[%clk 0:01:06]} 12. h4 {[%clk 0:02:51]} b4
{[%clk 0:01:07]} 13. Nd5 {[%clk 0:02:49]} Bxb2 {[%clk 0:00:53]} 14. Kxb2
{[%clk 0:02:51]} a5 {[%clk 0:00:53]} 15. h5 {[%clk 0:02:50]} a4 {[%clk 0:00:42]}
16. hxg6 {[%clk 0:02:49]} fxg6 {[%clk 0:00:43]} 17. Bc4 {[%clk 0:02:10]} e6
{[%clk 0:00:44]} 18. Nxb4 {[%clk 0:01:51]} Qf6+ {[%clk 0:00:45]} 19. Kb1
{[%clk 0:01:48]} Nxb4 {[%clk 0:00:37]} 20. Qxb4 {[%clk 0:01:49]} a3
{[%clk 0:00:35]} 21. c3 {[%clk 0:01:45]} Ne5 {[%clk 0:00:18]} 22. Be2
{[%clk 0:01:34]} Bd7 {[%clk 0:00:13]} 23. Qd4 {[%clk 0:01:19]} Rfb8
{[%clk 0:00:07]} 24. Bc4 {[%clk 0:01:09]} Qf4 {[%clk 0:00:04]} 25. Ne2
{[%clk 0:01:00]} Qf7 {[%clk 0:00:04]} 26. f4 {[%clk 0:00:50]} Nxc4
{[%clk 0:00:05]} 27. Qxc4 {[%clk 0:00:52]} Bb5 {[%clk 0:00:06]} 28. Qd4
{[%clk 0:00:48]} Bxe2 {[%clk 0:00:07]} 29. Rd2 {[%clk 0:00:48]} Bxg4
{[%clk 0:00:08]} 30. Qxd6 {[%clk 0:00:46]} Rd8 {[%clk 0:00:07]} 31. Qc6
{[%clk 0:00:37]} Rxd2 {[%clk 0:00:06]} 32. Qxa8+ {[%clk 0:00:38]} Kg7
{[%clk 0:00:07]} 33. Qb8 {[%clk 0:00:31]} Rb2+ {[%clk 0:00:04]} 34. Ka1
{[%clk 0:00:33]} Bf3 {[%clk 0:00:03]} 35. Qe5+ {[%clk 0:00:33]} Qf6
{[%clk 0:00:04]} 36. Rxh7+ Kxh7 37. Qxf6 {[%clk 0:00:30]} Bxe4 {[%clk 0:00:06]}
38. Qh4+ {[%clk 0:00:28]} Kg7 {[%clk 0:00:06]} 39. Qe1 {[%clk 0:00:23]} Bf5
{[%clk 0:00:05]} 40. c4 {[%clk 0:00:17]} Kf7 {[%clk 0:00:05]} 41. c5
{[%clk 0:00:16]} Ke7 {[%clk 0:00:06]} 42. b4 {[%clk 0:00:11]} Kd7
{[%clk 0:00:06]} 43. Qd1+ {[%clk 0:00:09]} Ke7 {[%clk 0:00:07]} 44. c6
{[%clk 0:00:09]} e5 {[%clk 0:00:04]} 45. c7 {[%clk 0:00:07]} Be6 {[%clk 0:00:04]}
46. Qd8+ {[%clk 0:00:06]} Kf7 {[%clk 0:00:06]} 47. c8=R {[%clk 0:00:06]} Rxa2+
48. Kb1 Rb2+ {[%clk 0:00:05]} 49. Kc1 {[%clk 0:00:09]} Bxc8 {[%clk 0:00:05]} 50.
Qxc8 {[%clk 0:00:11]} Rxb4 {[%clk 0:00:05]} 51. Qd7+ {[%clk 0:00:11]} Kg8
{[%clk 0:00:05]} 52. Qe8+ {[%clk 0:00:12]} Kh7 {[%clk 0:00:06]} 53. Qe7+
{[%clk 0:00:14]} Kh6 {[%clk 0:00:07]} 54. Qxb4 {[%clk 0:00:15]} exf4
{[%clk 0:00:08]} 55. Qxf4+ {[%clk 0:00:16]} g5 {[%clk 0:00:09]} 56. Qf8+
{[%clk 0:00:16]} Kh5 {[%clk 0:00:10]} 57. Qxa3 {[%clk 0:00:17]} Kh4
{[%clk 0:00:11]} 58. Qf3 {[%clk 0:00:18]} g4 {[%clk 0:00:13]} 59. Qh1+
{[%clk 0:00:19]} Kg5 {[%clk 0:00:13]} 1-0

[Event "c14"]
[Site "?"]
[Date "2020.08.27"]
[Round "3.5"]
[White "Zdybel, Przemyslaw"]
[Black "Meers, Hubert"]
[Result "1-0"]
[BlackElo "1759"]
[WhiteElo "1569"]
[LiveChessVersion "1.4.8"]

1. e4 c5 2. Nf3 Nc6 3. d4 cxd4 4. Nxd4 Nf6 5. Nc3 d6 6. Bg5 e6 7. Qd2 a6 8. O-O-O
Bd7 9. f4 Be7 10. Kb1 Qc7 11. Nxc6 Bxc6 12. Bd3 O-O-O 13. Rhe1 d5 14. Bxf6 Bxf6
15. e5 Be7 16. Ne2 Bc5 17. Qc3 Qb6 18. Qb3 Qxb3 19. axb3 Kc7 20. g3 Kb6 21. c3
Bb5 22. b4 Bxd3+ 23. Rxd3 Be7 24. Red1 Rc8 25. Nd4 Ka7 26. f5 Rhe8 27. fxe6 fxe6
28. Rf3 Bd8 29. Rf7 Rc7 30. Rdf1 Ree7 31. Rf8 Rcd7 32. Rh8 h6 33. Rff8 Bc7 34.
Ra8+ Kb6 35. Nb3 Kb5 36. Nc5 Kc4 37. Nxd7 Rxd7 38. Kc2 Bxe5 39. Rae8 Rd6 40. Re7
b6 41. Rc8+ Kb5 42. b3 Bf6 43. Rec7 d4 44. cxd4 Bxd4 45. Rc4 Bf6 46. Re8 e5 47.
Rec8 Rd4 48. Rxd4 exd4 49. Rc4 a5 50. bxa5 bxa5 51. Kd3 Kb6 52. Ke4 Kb5 53. g4
Kb6 54. Kd5 Kb5 55. h3 d3 56. Rc1 d2 57. Rd1 Bg5 58. h4 Be3 59. Ke4 Bf2 60. Rxd2
Bxh4 61. Rd7 Bf6 62. Kd3 Kb4 63. Kc2 a4 64. bxa4 Kxa4 65. Kd3 1-0

[Event "c14"]
[Site "?"]
[Date "2020.08.27"]
[Round "3.6"]
[White "Backiel, Hubert"]
[Black "Herwy, Jakub"]
[Result "1-0"]
[BlackElo "1741"]
[WhiteElo "1547"]
[LiveChessVersion "1.4.8"]

1. e4 {[%clk 0:03:03]} c5 {[%clk 0:03:04]} 2. Nf3 {[%clk 0:03:04]} e6
{[%clk 0:03:05]} 3. d4 {[%clk 0:03:05]} cxd4 {[%clk 0:03:06]} 4. Nxd4
{[%clk 0:03:06]} a6 {[%clk 0:03:08]} 5. Bd3 {[%clk 0:03:07]} Bc5 {[%clk 0:03:09]}
6. Nb3 {[%clk 0:02:49]} Be7 {[%clk 0:03:09]} 7. O-O {[%clk 0:02:47]} d6
{[%clk 0:03:10]} 8. Qe2 {[%clk 0:02:48]} Qc7 {[%clk 0:03:11]} 9. c4
{[%clk 0:02:49]} Nf6 {[%clk 0:03:11]} 10. f4 {[%clk 0:02:50]} Nbd7
{[%clk 0:03:12]} 11. Be3 {[%clk 0:02:40]} b6 {[%clk 0:03:13]} 12. Nc3
{[%clk 0:02:35]} Bb7 {[%clk 0:03:14]} 13. Kh1 {[%clk 0:02:35]} h5
{[%clk 0:03:15]} 14. Nd4 {[%clk 0:02:25]} Nc5 {[%clk 0:03:10]} 15. Bd2
{[%clk 0:02:17]} Nxd3 {[%clk 0:03:03]} 16. Qxd3 {[%clk 0:02:18]} Rc8
{[%clk 0:03:04]} 17. b3 {[%clk 0:02:19]} h4 {[%clk 0:03:01]} 18. h3
{[%clk 0:02:01]} Nh5 {[%clk 0:03:00]} 19. Nde2 {[%clk 0:01:44]} Nf6
{[%clk 0:02:51]} 20. Rae1 {[%clk 0:01:40]} O-O {[%clk 0:02:41]} 21. Nd4
{[%clk 0:01:33]} g6 {[%clk 0:02:33]} 22. Kh2 {[%clk 0:01:33]} e5 {[%clk 0:02:29]}
23. Nf3 {[%clk 0:01:19]} Nh5 {[%clk 0:02:28]} 24. Nd5 {[%clk 0:01:09]} Bxd5
{[%clk 0:02:28]} 25. exd5 {[%clk 0:01:05]} exf4 {[%clk 0:02:12]} 26. Bc3
{[%clk 0:00:54]} b5 {[%clk 0:02:08]} 27. Re4 {[%clk 0:00:28]} bxc4
{[%clk 0:02:07]} 28. Rxc4 {[%clk 0:00:23]} Qb7 {[%clk 0:01:52]} 29. Re1
{[%clk 0:00:24]} Rxc4 {[%clk 0:01:52]} 30. bxc4 {[%clk 0:00:25]} Qd7
{[%clk 0:01:35]} 31. Nd2 {[%clk 0:00:22]} Bf6 {[%clk 0:01:31]} 32. Bxf6
{[%clk 0:00:17]} Nxf6 {[%clk 0:01:32]} 33. Qd4 {[%clk 0:00:18]} Qf5
{[%clk 0:01:30]} 34. Rf1 {[%clk 0:00:14]} Nh5 {[%clk 0:01:31]} 35. Ne4
{[%clk 0:00:14]} Qe5 {[%clk 0:01:32]} 36. Qxe5 {[%clk 0:00:14]} dxe5
{[%clk 0:01:33]} 37. Rb1 {[%clk 0:00:13]} f5 {[%clk 0:01:33]} 38. Ng5
{[%clk 0:00:13]} Nf6 {[%clk 0:01:34]} 39. Rb7 {[%clk 0:00:12]} e4
{[%clk 0:01:34]} 40. Ne6 {[%clk 0:00:13]} Ne8 {[%clk 0:01:25]} 41. Nxf4
{[%clk 0:00:13]} Nd6 {[%clk 0:01:26]} 42. Rd7 {[%clk 0:00:13]} Nxc4
{[%clk 0:01:27]} 43. Nxg6 {[%clk 0:00:13]} Rf7 {[%clk 0:01:27]} 44. Rd8+
{[%clk 0:00:10]} Kg7 {[%clk 0:01:28]} 45. Nf4 {[%clk 0:00:09]} Kf6
{[%clk 0:01:23]} 46. Rc8 {[%clk 0:00:10]} Nd6 {[%clk 0:01:24]} 47. Rc6
{[%clk 0:00:11]} Ke5 {[%clk 0:01:25]} 48. Ng6+ {[%clk 0:00:06]} Kxd5
{[%clk 0:01:26]} 49. Rxa6 {[%clk 0:00:07]} e3 {[%clk 0:01:26]} 50. Nxh4
{[%clk 0:00:08]} e2 {[%clk 0:01:27]} 51. Nf3 {[%clk 0:00:08]} Re7
{[%clk 0:01:27]} 52. Ra5+ {[%clk 0:00:09]} Ke4 {[%clk 0:01:26]} 53. Ra3
{[%clk 0:00:07]} Kd5 {[%clk 0:01:24]} 54. Rd3+ {[%clk 0:00:08]} Kc5
{[%clk 0:01:24]} 55. Rc3+ {[%clk 0:00:08]} Nc4 {[%clk 0:01:26]} 56. Rc1
{[%clk 0:00:06]} Kb4 {[%clk 0:01:24]} 57. Kg3 {[%clk 0:00:06]} Nd2
{[%clk 0:01:21]} 58. Kf2 {[%clk 0:00:06]} Nxf3 {[%clk 0:01:18]} 59. gxf3
{[%clk 0:00:07]} Ka3 {[%clk 0:01:20]} 60. Re1 {[%clk 0:00:08]} Rh7
{[%clk 0:01:20]} 61. Kg3 {[%clk 0:00:07]} Re7 {[%clk 0:01:17]} 62. Kf2
{[%clk 0:00:08]} Rh7 {[%clk 0:01:19]} 63. Kg3 f4+ 64. Kxf4 {[%clk 0:00:09]} Rxh3
{[%clk 0:01:22]} 65. Rxe2 {[%clk 0:00:10]} Rh4+ {[%clk 0:01:24]} 66. Kg3
{[%clk 0:00:11]} Rc4 {[%clk 0:01:25]} 67. f4 {[%clk 0:00:12]} Kb4
{[%clk 0:01:27]} 68. Kg4 {[%clk 0:00:13]} Kc5 {[%clk 0:01:28]} 69. Kg5
{[%clk 0:00:14]} Kd6 {[%clk 0:01:30]} 70. f5 {[%clk 0:00:15]} Rc1
{[%clk 0:01:31]} 71. Kf6 {[%clk 0:00:14]} Rg1 {[%clk 0:01:32]} 72. Rd2+
{[%clk 0:00:15]} Kc7 {[%clk 0:01:33]} 73. Rd4 {[%clk 0:00:16]} Kc6
{[%clk 0:01:35]} 74. a4 {[%clk 0:00:17]} Kb6 {[%clk 0:01:36]} 75. Re4
{[%clk 0:00:17]} Kc6 {[%clk 0:01:37]} 76. Ke6 {[%clk 0:00:18]} Rh1
{[%clk 0:01:36]} 77. f6 {[%clk 0:00:19]} Rh6 {[%clk 0:01:37]} 78. Ke7 Rh7+
{[%clk 0:01:36]} 79. f7 {[%clk 0:00:21]} Kd5 {[%clk 0:01:07]} 1-0

[Event "c14"]
[Site "?"]
[Date "2020.08.27"]
[Round "3.7"]
[White "Wieczorek, Mikolaj"]
[Black "Malek, Jan"]
[Result "1-0"]
[BlackElo "1703"]
[WhiteElo "1452"]
[LiveChessVersion "1.4.8"]

1. d4 Nf6 2. c4 d5 3. Nc3 dxc4 4. e3 e6 5. Bxc4 a6 6. Nf3 b5 7. Bd3 Bb7 8. O-O c5
9. e4 c4 10. Bc2 b4 11. e5 bxc3 12. exf6 gxf6 13. bxc3 Bd6 14. Ba4+ Ke7 15. Rb1
Bd5 16. Qe2 Rg8 17. g3 h5 18. Nd2 Nd7 19. Ne4 Bc7 20. Ba3+ Ke8 21. Nxf6+ 1-0

[Event "c14"]
[Site "?"]
[Date "2020.08.27"]
[Round "3.8"]
[White "Malinowski, Szymon"]
[Black "Myrmus, Mateusz"]
[Result "1/2-1/2"]
[BlackElo "1434"]
[WhiteElo "1663"]
[LiveChessVersion "1.4.8"]

1. d4 {[%clk 0:03:03]} Nf6 {[%clk 0:03:03]} 2. Nf3 {[%clk 0:03:04]} d5
{[%clk 0:03:04]} 3. Bf4 {[%clk 0:03:05]} g6 {[%clk 0:03:04]} 4. e3
{[%clk 0:03:06]} Bg7 {[%clk 0:03:06]} 5. Bd3 {[%clk 0:03:06]} O-O
{[%clk 0:03:06]} 6. Nbd2 {[%clk 0:03:07]} c6 {[%clk 0:03:07]} 7. O-O
{[%clk 0:03:07]} Bg4 {[%clk 0:03:08]} 8. h3 {[%clk 0:03:05]} Bxf3
{[%clk 0:03:09]} 9. Nxf3 {[%clk 0:03:06]} Nbd7 {[%clk 0:03:10]} 10. c4
{[%clk 0:03:02]} e6 {[%clk 0:03:08]} 11. cxd5 {[%clk 0:02:59]} exd5
{[%clk 0:03:09]} 12. b4 {[%clk 0:03:00]} a6 {[%clk 0:03:07]} 13. Rc1
{[%clk 0:02:59]} Nh5 {[%clk 0:03:07]} 14. Bh2 {[%clk 0:02:56]} f5
{[%clk 0:03:08]} 15. Bf4 {[%clk 0:01:55]} Nxf4 {[%clk 0:02:59]} 16. exf4
{[%clk 0:01:56]} Nf6 {[%clk 0:02:54]} 17. Ne5 {[%clk 0:01:54]} Ne4
{[%clk 0:02:54]} 18. g3 {[%clk 0:01:43]} Qe7 {[%clk 0:02:45]} 19. a3
{[%clk 0:01:44]} a5 {[%clk 0:02:42]} 20. b5 {[%clk 0:01:34]} Qxa3
{[%clk 0:02:40]} 21. bxc6 {[%clk 0:01:35]} bxc6 {[%clk 0:02:39]} 22. Rxc6
{[%clk 0:01:32]} Rfc8 {[%clk 0:02:28]} 23. Rxc8+ {[%clk 0:01:22]} Rxc8
{[%clk 0:02:29]} 24. Bxe4 {[%clk 0:01:20]} fxe4 {[%clk 0:02:22]} 25. Qa1
{[%clk 0:01:17]} Qb4 {[%clk 0:01:59]} 26. Rb1 {[%clk 0:01:10]} Qd2
{[%clk 0:01:56]} 27. Qa4 {[%clk 0:01:03]} Bxe5 {[%clk 0:01:47]} 28. dxe5
{[%clk 0:01:00]} e3 {[%clk 0:01:30]} 29. Qd7 {[%clk 0:00:37]} Rc1+
{[%clk 0:00:52]} 30. Rxc1 {[%clk 0:00:34]} Qxc1+ {[%clk 0:00:52]} 31. Kg2
{[%clk 0:00:33]} e2 {[%clk 0:00:38]} 32. Qe8+ {[%clk 0:00:30]} 1/2-1/2

[Event "c14"]
[Site "?"]
[Date "2020.08.27"]
[Round "3.9"]
[White "Doskocz, Karol"]
[Black "Trzebinski, Patryk"]
[Result "0-1"]
[BlackElo "1657"]
[WhiteElo "1332"]
[LiveChessVersion "1.4.8"]

1. c4 e5 2. Nc3 {[%clk 0:03:02]} Nf6 {[%clk 0:03:02]} 3. g3 {[%clk 0:03:02]} d5
{[%clk 0:03:03]} 4. cxd5 {[%clk 0:03:03]} Nxd5 {[%clk 0:03:04]} 5. Bg2
{[%clk 0:03:03]} Be6 {[%clk 0:03:03]} 6. a3 {[%clk 0:02:57]} Nc6 {[%clk 0:03:03]}
7. Nf3 {[%clk 0:02:51]} a5 {[%clk 0:03:04]} 8. d3 {[%clk 0:02:47]} Be7
{[%clk 0:02:59]} 9. O-O {[%clk 0:02:44]} Nb6 {[%clk 0:02:58]} 10. Bd2
{[%clk 0:02:38]} a4 {[%clk 0:02:52]} 11. Rc1 {[%clk 0:02:26]} O-O
{[%clk 0:02:24]} 12. Be3 {[%clk 0:02:21]} Bb3 {[%clk 0:01:47]} 13. Qd2
{[%clk 0:02:22]} f5 {[%clk 0:01:30]} 14. Bxb6 {[%clk 0:01:42]} cxb6
{[%clk 0:01:30]} 15. e4 {[%clk 0:01:31]} Bf6 {[%clk 0:00:46]} 16. Qe2
{[%clk 0:01:02]} Qd7 {[%clk 0:00:24]} 17. Nd2 {[%clk 0:00:59]} Nd4
{[%clk 0:00:24]} 18. Qe3 {[%clk 0:00:37]} Rac8 {[%clk 0:00:16]} 19. Nxb3
{[%clk 0:00:34]} Nxb3 {[%clk 0:00:15]} 20. Rcd1 {[%clk 0:00:26]} Qd4
{[%clk 0:00:14]} 21. Nd5 {[%clk 0:00:19]} fxe4 {[%clk 0:00:12]} 22. Bxe4
{[%clk 0:00:13]} Qxe3 {[%clk 0:00:10]} 23. fxe3 {[%clk 0:00:14]} b5
{[%clk 0:00:11]} 24. Nc3 {[%clk 0:00:13]} b6 {[%clk 0:00:12]} 25. Nxb5
{[%clk 0:00:13]} Rc2 {[%clk 0:00:13]} 26. Rf2 {[%clk 0:00:12]} Rxf2
{[%clk 0:00:14]} 27. Kxf2 {[%clk 0:00:13]} Bg5+ {[%clk 0:00:14]} 28. Ke2
{[%clk 0:00:09]} Rc8 {[%clk 0:01:15]} 29. Bd5+ {[%clk 0:00:09]} Kf8
{[%clk 0:01:15]} 30. Bxb3 {[%clk 0:00:09]} axb3 {[%clk 0:01:16]} 31. Nc3
{[%clk 0:00:10]} Ke7 {[%clk 0:01:16]} 32. Nd5+ {[%clk 0:00:10]} Kd6
{[%clk 0:01:17]} 33. Nc3 {[%clk 0:00:09]} Be7 {[%clk 0:00:46]} 34. Rd2
{[%clk 0:00:09]} Ke6 {[%clk 0:00:31]} 35. d4 {[%clk 0:00:09]} exd4
{[%clk 0:00:22]} 36. Rxd4 {[%clk 0:00:10]} Bxa3 {[%clk 0:00:22]} 37. Re4+
{[%clk 0:00:08]} Kd7 {[%clk 0:00:21]} 38. Ra4 {[%clk 0:00:05]} Bxb2
{[%clk 0:00:21]} 39. Ne4 {[%clk 0:00:06]} Rc2+ {[%clk 0:00:22]} 40. Kf3
{[%clk 0:00:07]} Rxh2 {[%clk 0:00:20]} 41. Ng5 {[%clk 0:00:05]} h6
{[%clk 0:00:19]} 42. Ne4 {[%clk 0:00:06]} Rc2 {[%clk 0:00:19]} 43. Rb4
{[%clk 0:00:06]} Kc6 {[%clk 0:00:19]} 44. Rxb3 {[%clk 0:00:06]} Be5
{[%clk 0:00:20]} 45. Rd3 {[%clk 0:00:05]} b5 {[%clk 0:00:20]} 46. Rb3
{[%clk 0:00:05]} Rb2 {[%clk 0:00:19]} 47. Rd3 {[%clk 0:00:05]} b4
{[%clk 0:00:20]} 48. Rd8 {[%clk 0:00:05]} b3 {[%clk 0:00:21]} 49. Rc8+
{[%clk 0:00:05]} Kb7 {[%clk 0:00:23]} 50. Rc1 {[%clk 0:00:04]} Rc2
{[%clk 0:00:22]} 51. Rb1 {[%clk 0:00:05]} b2 {[%clk 0:00:23]} 52. Nc5+
{[%clk 0:00:06]} Rxc5 {[%clk 0:00:24]} 0-1

[Event "c14"]
[Site "?"]
[Date "2020.08.27"]
[Round "3.10"]
[White "Paprocki, Antoni"]
[Black "Jedraszek, Michal"]
[Result "1-0"]
[BlackElo "1063"]
[WhiteElo "1878"]
[LiveChessVersion "1.4.8"]

1. d4 {[%clk 0:03:03]} d5 {[%clk 0:03:04]} 2. c4 {[%clk 0:03:05]} c6
{[%clk 0:03:04]} 3. Nf3 {[%clk 0:03:05]} Nf6 {[%clk 0:03:05]} 4. Nbd2
{[%clk 0:03:06]} Bf5 5. Nh4 Bg6 {[%clk 0:03:01]} 6. Qb3 {[%clk 0:03:07]} Qd7
{[%clk 0:02:57]} 7. Nxg6 {[%clk 0:03:03]} hxg6 {[%clk 0:02:58]} 8. g3
{[%clk 0:03:03]} Na6 {[%clk 0:02:56]} 9. Bg2 {[%clk 0:03:03]} e6 {[%clk 0:02:57]}
10. O-O {[%clk 0:03:03]} O-O-O {[%clk 0:02:52]} 11. Rd1 {[%clk 0:02:53]} Ng4
{[%clk 0:02:52]} 12. h3 {[%clk 0:02:51]} Nf6 {[%clk 0:02:48]} 13. Nf3
{[%clk 0:02:50]} Nb4 {[%clk 0:02:46]} 14. a3 {[%clk 0:02:46]} Na6
{[%clk 0:02:47]} 15. Ne5 {[%clk 0:02:46]} Qc7 {[%clk 0:02:44]} 16. Bf4
{[%clk 0:02:43]} Bd6 {[%clk 0:02:43]} 17. c5 {[%clk 0:02:28]} Bxe5
{[%clk 0:02:38]} 18. Bxe5 {[%clk 0:02:29]} Qd7 {[%clk 0:02:35]} 19. Qa4
{[%clk 0:02:16]} Ne8 {[%clk 0:02:10]} 20. b4 {[%clk 0:02:06]} f6 {[%clk 0:02:11]}
21. Bf4 {[%clk 0:02:02]} g5 {[%clk 0:02:11]} 22. Be3 {[%clk 0:02:02]} g4
{[%clk 0:02:12]} 23. hxg4 {[%clk 0:02:00]} g5 {[%clk 0:02:00]} 24. Rab1
{[%clk 0:01:59]} Qh7 {[%clk 0:02:00]} 25. f3 {[%clk 0:01:34]} Qh2+
{[%clk 0:01:38]} 26. Kf2 {[%clk 0:01:35]} Rh3 {[%clk 0:01:34]} 27. Rg1
{[%clk 0:01:23]} Qxg3+ {[%clk 0:01:19]} 28. Kf1 {[%clk 0:01:25]} Rh2
{[%clk 0:00:56]} 29. b5 {[%clk 0:01:25]} Nb8 {[%clk 0:00:41]} 30. Qxa7
{[%clk 0:01:05]} f5 {[%clk 0:00:40]} 31. bxc6 {[%clk 0:01:04]} Rd7
{[%clk 0:00:00]} 1-0

[Event "c14"]
[Site "?"]
[Date "2020.08.27"]
[Round "3.11"]
[White "Bogusz, Alan"]
[Black "Demski, Michal"]
[Result "1-0"]
[BlackElo "1773"]
[WhiteElo "1429"]
[LiveChessVersion "1.4.8"]

1. e4 d6 2. d4 Nf6 3. Nc3 Nbd7 4. Be3 e5 5. d5 Be7 6. Bd3 h6 7. Nce2 Nf8 8. h3 g5
9. Qd2 Ng6 10. O-O-O Bd7 11. g3 c6 12. c4 cxd5 13. cxd5 a5 14. f4 exf4 15. gxf4
gxf4 16. Nxf4 Ne5 17. Kb1 a4 18. Qb4 Qa5 19. Qxb7 O-O 20. Bd2 Qc5 21. Qb4 Qa7 22.
Nge2 Rab8 23. Qd4 Qb7 24. Rhg1+ Kh7 25. Bc3 a3 26. b3 Rg8 27. Qf2 Bb5 28. Bxe5
Bxd3+ 29. Nxd3 dxe5 30. Nxe5 Qc7 31. Nxf7 Rbf8 32. d6 Bxd6 33. Nxd6 Qc6 34. Qd4
Rd8 35. Qxf6 Rxg1 36. Rxg1 Qd7 37. Qg6+ Kh8 38. Qxh6+ Qh7 39. Qf6+ 1-0

[Event "c14"]
[Site "?"]
[Date "2020.08.27"]
[Round "4.1"]
[White "Karolczuk, Iwo"]
[Black "Zdybel, Przemyslaw"]
[Result "1-0"]
[BlackElo "1569"]
[WhiteElo "2044"]
[LiveChessVersion "1.4.8"]

1. Nf3 {[%clk 0:03:02]} d5 {[%clk 0:03:04]} 2. d4 {[%clk 0:03:03]} c5
{[%clk 0:03:04]} 3. c4 {[%clk 0:03:02]} e6 {[%clk 0:03:03]} 4. cxd5
{[%clk 0:03:02]} exd5 {[%clk 0:03:05]} 5. e3 {[%clk 0:03:03]} Nc6
{[%clk 0:03:06]} 6. Be2 {[%clk 0:02:59]} Nf6 {[%clk 0:03:06]} 7. O-O
{[%clk 0:02:59]} cxd4 {[%clk 0:03:04]} 8. Nxd4 {[%clk 0:02:47]} Bd6
{[%clk 0:03:01]} 9. b3 {[%clk 0:02:46]} O-O {[%clk 0:03:00]} 10. Bb2
{[%clk 0:02:47]} Bd7 {[%clk 0:02:49]} 11. Nd2 {[%clk 0:02:47]} Qe7
{[%clk 0:02:47]} 12. N2f3 {[%clk 0:02:47]} Ne4 {[%clk 0:02:46]} 13. Rc1
{[%clk 0:02:38]} a6 {[%clk 0:02:44]} 14. Nxc6 {[%clk 0:01:36]} bxc6
{[%clk 0:02:43]} 15. Qd4 {[%clk 0:01:23]} f6 {[%clk 0:02:32]} 16. Qd3
{[%clk 0:01:23]} Rfc8 {[%clk 0:02:20]} 17. Nd4 {[%clk 0:01:16]} a5
{[%clk 0:02:18]} 18. Rfd1 {[%clk 0:01:12]} Qe5 {[%clk 0:01:59]} 19. f4
{[%clk 0:01:09]} Qe7 {[%clk 0:01:47]} 20. Bf3 {[%clk 0:01:09]} f5
{[%clk 0:01:29]} 21. Nxc6 {[%clk 0:00:51]} Qf7 {[%clk 0:00:39]} 22. Ne5
{[%clk 0:00:48]} Bxe5 {[%clk 0:00:40]} 23. Bxe5 {[%clk 0:00:49]} Be6
{[%clk 0:00:41]} 24. Qd4 {[%clk 0:00:45]} g5 {[%clk 0:00:33]} 25. Bxe4
{[%clk 0:00:43]} fxe4 {[%clk 0:00:34]} 26. fxg5 {[%clk 0:00:42]} Qg6
{[%clk 0:00:28]} 27. Bf4 {[%clk 0:00:42]} Qf5 {[%clk 0:00:22]} 28. Qf6
{[%clk 0:00:30]} Qxf6 {[%clk 0:00:22]} 29. gxf6 Kf7 30. Be5 {[%clk 0:00:31]} a4
{[%clk 0:00:25]} 31. Rxc8 {[%clk 0:00:29]} Rxc8 {[%clk 0:00:26]} 32. bxa4
{[%clk 0:00:29]} Rc2 {[%clk 0:00:27]} 33. Ra1 {[%clk 0:00:27]} Rc4
{[%clk 0:00:25]} 34. a5 {[%clk 0:00:25]} Ra4 {[%clk 0:00:26]} 35. Bc3
{[%clk 0:00:25]} Rc4 {[%clk 0:00:21]} 36. Bd4 {[%clk 0:00:20]} Ra4
{[%clk 0:00:23]} 37. Rc1 {[%clk 0:00:16]} Rxa5 {[%clk 0:00:23]} 38. Rc7+
{[%clk 0:00:16]} Kg6 {[%clk 0:00:24]} 39. Rg7+ {[%clk 0:00:17]} Kh6
{[%clk 0:00:22]} 40. Re7 {[%clk 0:00:17]} Ra6 {[%clk 0:00:12]} 41. Rxe6
{[%clk 0:00:07]} Rxe6 {[%clk 0:00:08]} 42. f7 {[%clk 0:00:08]} Kg6
{[%clk 0:00:04]} 43. f8=Q {[%clk 0:00:09]} Re7 {[%clk 0:00:04]} 44. Qxe7
{[%clk 0:00:09]} 1-0